| 000 | 01370nam a2200337 4500 | ||
|---|---|---|---|
| 999 |
_c1130 _d1130 |
||
| 003 | OSt | ||
| 005 | 20210624070125.0 | ||
| 006 | m||||||||d|||||||| | ||
| 007 | cr|||||||||||| | ||
| 008 | 080626s2008 nyua fod 000 0 eng d | ||
| 010 |
_a 2008274475 _z2008277973 |
||
| 020 | _a9780191726569 (electronic book) | ||
| 020 | _z9780199204632 | ||
| 035 | _aOROUK99204632 | ||
| 040 |
_aDLC _cALUPE UNIVERSITY _dALUPE UNIVERSITY _dMdBJ |
||
| 050 | 0 | 0 |
_aQD5 _b.D4985 2008 |
| 082 | 0 | 0 |
_a540.3 _222 |
| 245 | 0 | 2 |
_aA dictionary of chemistry _h[electronic resource] / _cedited by John Daintith. |
| 246 | 3 | 0 | _aChemistry |
| 246 | 1 | 4 | _aOxford dictionary of chemistry |
| 250 | _a6th ed. | ||
| 260 |
_aNew York : _bOxford University Press, _c2008. |
||
| 300 |
_a584 p. : _bill. ; _c20 cm. |
||
| 490 | 0 | _aOxford paperback reference | |
| 533 |
_aElectronic reproduction. _bOxford : _cOxford University Press, _d2008. _f(Oxford Reference Online). _nMode of access: World Wide Web. System requirements: Internet Explorer 6.0 (or higher) or Firefox 2.0 (or higher). _nAvailable as searchable text in HTML format. _nAccess restricted to subscribing institutions. |
||
| 650 | 0 |
_aChemistry _vDictionaries. |
|
| 700 | 1 | _aDaintith, John. | |
| 856 | _uhttp://www.oxfordreference.com/view/10.1093/acref/9780199204632.001.0001/acref-9780199204632 | ||
| 910 | _a4287267 | ||
| 942 |
_2lcc _cREF _nDO |
||